Online
Catalog

Cómo hacer un proyecto de investigación / (Record no. 24090)

MARC details
000 -CABECERA
campo de control de longitud fija 00637nam a2200181 a 4500
001 - NÚMERO DE CONTROL
campo de control 000024597
005 - FECHA Y HORA DE LA ÚLTIMA TRANSACCIÓN
campo de control 20200930023246.0
008 - DATOS DE LONGITUD FIJA--INFORMACIÓN GENERAL
campo de control de longitud fija 090918s1996 bo 000 0 spa d
040 ## - FUENTE DE LA CATALOGACIÓN
Centro catalogador/agencia de origen DO-SdBNP
Lengua de catalogación spa
Centro/agencia transcriptor BNPHU
082 ## - NÚMERO DE LA CLASIFICACIÓN DECIMAL DEWEY
Número de clasificación xxxxxxxx
100 1# - ENTRADA PRINCIPAL--NOMBRE DE PERSONA
Nombre de persona Piña, Nelly C.
9 (RLIN) 50437
245 10 - MENCIÓN DE TÍTULO
Título Cómo hacer un proyecto de investigación /
Mención de responsabilidad, etc. Nelly C. Piña.
260 ## - PUBLICACIÓN, DISTRIBUCIÓN, ETC.
Lugar de publicación, distribución, etc. La paz, Bolivia :
Nombre del editor, distribuidor, etc. Organización Panamericana de la Salud ,
Fecha de publicación, distribución, etc. 1996.
300 ## - DESCRIPCIÓN FÍSICA
Extensión 150 p. : ;
Dimensiones 26 cm.
490 1# - MENCIÓN DE SERIE
Mención de serie Introducción a la metodología de la investigación
590 ## - NOTA LOCAL (RLIN)
Nota local Inventariado,2018/DG
830 #0 - PUNTO DE ACCESO ADICIONAL DE SERIE-TÍTULO UNIFORME
Título uniforme Introducción a la metodología de la investigación
9 (RLIN) 50438
Holdings
Estado de retiro Estado de pérdida Restricciones de uso No para préstamo Código de colección Localización permanente Ubicación/localización actual Ubicación en estantería Fecha de adquisición Número de inventario Total de préstamos Signatura topográfica completa Código de barras Fecha visto por última vez Precio válido a partir de Tipo de ítem Koha
        Monografías: Libros y Folletos General General Orden iniciada 06.06.2011 LF1   xxxxxxxx 24597-30 25.06.2020 25.06.2020 No se presta

Powered by Koha